000
00306nam a2200133Ia 4500
008
191201s2005 xx 000 0 und d
100
_a
BEDI, Kiran
245
0
_a
" I Dare" : A Biography
250
_a
3rd
260
_a
N.Delhi
_b
UBSPD,
_c
2005
300
_a
370
650
_a
General Books
942
_2
ddc
_c
BK
999
_c
1691
_d
1691